000 00696nam a2200229 i 4500
003 DO-SdBNP
005 20240305084435.0
007 ta
008 240405b19? dr ac||| |||| 00| 0 spa d
040 _aDO-SdBNP
_bspa
_cBNPHU
_erda
082 4 _bI619
_222
110 _aCentro de Evangelización y Renovación Santisima Trinidad
_984970
245 1 0 _aIntroducción comunitaria 2
264 _aSanto Domingo :
_bPublicaciones del CEVREST,
_cfecha no identificada.
300 _a66 páginas ;
_c22 cm.
336 _2rdacontent
_atexto
_btxt
337 _2rdamedia
_asin mediación
_bn
338 _2rdacarrier
_avolumen
_bnc
590 _aInventariado, 2024/DG
910 _aDG
942 _2ddc
_cLBS1
999 _c56032
_d56032